| 000 | 00772nam a2200241 i 4500 | ||
|---|---|---|---|
| 001 | 3274707 | ||
| 003 | ARRUPE | ||
| 005 | 20160211081440.0 | ||
| 008 | 810811s1976 rh a 000 0 eng | ||
| 010 | _a 81478906 | ||
| 040 |
_aDLC _cDLC _dDLC |
||
| 043 | _afz----- | ||
| 050 | 0 | 0 |
_aSPC SK255.Z3 _bW67 |
| 082 | 0 | 0 |
_a596.0967/9 _219 |
| 100 | 1 |
_aWoronin, U. G. de. _922105 |
|
| 245 | 1 | 0 |
_aZambezi trails : _btrue stories from the Bush / _cby U. G. de Woronin ; illustrated by Russell Williams. |
| 260 |
_aSalisbury, Rhodesia : _bRegal Publishers, _c[1976] |
||
| 300 |
_a96 p.; _bill. ; _c21 cm. |
||
| 650 | 0 |
_aHunting _zZambesi Valley. _922106 |
|
| 700 |
_aWilliams, Russell _eillust. _910908 |
||
| 906 |
_a7 _bcbc _corignew _d4 _encip _f19 _gy-gencatlg |
||
| 942 |
_2lcc _cSPC |
||
| 999 |
_c124112 _d124112 |
||